New role for waterways (Record no. 66475)
[ view plain ]
| 000 -LEADER | |
|---|---|
| fixed length control field | 00885cam a2200241 4500 |
| 001 - CONTROL NUMBER | |
| control field | WB3712-38 |
| 008 - FIXED-LENGTH DATA ELEMENTS--GENERAL INFORMATION | |
| fixed length control field | 000000n2001 000 0 eng u |
| 035 ## - SYSTEM CONTROL NUMBER | |
| System control number | (Sirsi) u111546 |
| 245 ## - TITLE STATEMENT | |
| Title | New role for waterways |
| 260 ## - PUBLICATION, DISTRIBUTION, ETC. | |
| Date of publication, distribution, etc. | 2001 |
| 490 ## - SERIES STATEMENT | |
| Series statement | DETR News Release |
| Volume/sequential designation | (144) 19 March 2001, (3) |
| 520 ## - SUMMARY, ETC. | |
| Summary, etc. | The role of inland waterways in rural and urban regeneration has been spelled out by a government minister who called on the delegates present at the "Waterways for Tomorrow" conference to share ideas and build partnerships between their organisations to maximise the benefits offered by rivers and canals. |
| 590 ## - LOCAL NOTE (RLIN) | |
| Local note | WB |
| 650 ## - SUBJECT ADDED ENTRY--TOPICAL TERM | |
| Topical term or geographic name entry element | CANALS |
| 650 ## - SUBJECT ADDED ENTRY--TOPICAL TERM | |
| Topical term or geographic name entry element | INLAND WATERWAYS |
| 650 ## - SUBJECT ADDED ENTRY--TOPICAL TERM | |
| Topical term or geographic name entry element | RIVERS |
| 650 ## - SUBJECT ADDED ENTRY--TOPICAL TERM | |
| Topical term or geographic name entry element | RURAL REGENERATION |
| 650 ## - SUBJECT ADDED ENTRY--TOPICAL TERM | |
| Topical term or geographic name entry element | URBAN REGENERATION |
| 650 ## - SUBJECT ADDED ENTRY--TOPICAL TERM | |
| Topical term or geographic name entry element | WATERWAYS |
| 650 ## - SUBJECT ADDED ENTRY--TOPICAL TERM | |
| Topical term or geographic name entry element | WATERWAYS FOR TOMORROW |
| 690 ## - LOCAL SUBJECT ADDED ENTRY--TOPICAL TERM (OCLC, RLIN) | |
| Topical term or geographic name as entry element | REGENERATION |
| 942 ## - ADDED ENTRY ELEMENTS (KOHA) | |
| Suppress in OPAC | 0 |
| Withdrawn status | Lost status | Source of classification or shelving scheme | Damaged status | Not for loan | Home library | Current library | Shelving location | Date acquired | Total Checkouts | Full call number | Barcode | Date last seen | Copy number | Price effective from | Koha item type |
|---|---|---|---|---|---|---|---|---|---|---|---|---|---|---|---|
| Dewey Decimal Classification | London | London | News article | 21/03/2001 | WB3712-38 | 111546-1001 | 06/08/2019 | 1 | 06/08/2019 | News article | |||||
| Dewey Decimal Classification | London | London | News article | 21/03/2001 | WB3712-38 | 111546-1002 | 06/08/2019 | 2 | 06/08/2019 | News article |